|
|
|
|
| LEADER |
00000nab a2200000 a 4500 |
| 001 |
vtls008831283 |
| 003 |
SK-MaSNL |
| 005 |
20260305041253.0 |
| 008 |
060717c20060608xo dr n 000 00slo |
| 038 |
|
|
|a SVKPOCL
|
| 040 |
|
|
|a SVKPOCL
|b slo
|c AACR2
|e AACR2
|
| 041 |
|
|
|a slo
|
| 044 |
|
|
|a xo
|c SK
|
| 080 |
|
|
|a 051
|2 2001
|
| 100 |
1 |
|
|a Rodák, Ján,
|d 1941-2024
|4 aut
|9 250837
|
| 245 |
1 |
0 |
|a Vyšiel Veľkošarišan
|c Ján Rodák
|
| 630 |
0 |
7 |
|a Veľkošarišan (mesačník)
|2 snkbucl
|9 1621524
|
| 648 |
|
7 |
|a jún 2006
|2 svkpocl
|9 1055710
|
| 651 |
|
7 |
|a Veľký Šariš (Slovensko)
|2 svkpocl
|9 17491
|
| 651 |
|
7 |
|a Prešov (Slovensko : okres)
|2 svkpocl
|9 28797
|
| 773 |
0 |
|
|t Prešovský večerník
|g Roč. XVII, č. 3972 (8.6.2006), s. 4
|x 1336-4030
|
| 852 |
|
|
|a SVKPO
|b KIS3GCP
|
| 856 |
4 |
1 |
|u www.vecernik.po.sk
|
| 958 |
|
|
|a RG
|
| 999 |
|
|
|c 3343021
|d 3344951
|